000 00807nam a22002417a 4500
005 20170814123258.0
010 _aENG-119684
020 _a9789386235251
_c850.00
035 _aEN-103216
037 _bDBAD/PUB
082 _a576.05
100 _aAnanthanarayan, R.
245 _aAnanthanarayan and Paniker's textbook of microbiology /
_cby R Ananthanarayan [and] CK Jayaram Paniker ; edited by Reba Kanungo
250 _a10th ed.
260 _aHyderabad
_bUniversities Press
_c2013
270 _a3-6-747/1/A and 3-6-754/1, Himayatnagar,
_bHyderabad
_e500029
300 _avii,716p. :
_c28cm(pbk)
_bill.(col.)
500 _aIncludes index
500 _aWith MCQ booklet of 72 pages
700 _aPaniker, CK Jayaram
700 _aKanungo, Reba
942 _2ddc
_cEN
_h576.05
_mANA
999 _c143338
_d143338